ZWIERZĘTA na literę Ł - Statystyki

Ogólne statystyki
  • Ten quiz został rozwiązany 164 razy
  • Średni wynik to 5 z 8
Statystyki odpowiedzi
Obrazkowy Odpowiedź % Poprawnych
Łoś euroazjatycki
95%
Łabędź niemy
93%
Łasica pospolita
85%
Łosoś atlantycki
83%
Łuskowiec chiński
39%
Łyska zwyczajna
38%
Łozówka
11%
Łęczak
8%
Nie znaleziono quizów pasujących do podanych kryteriów
Rozkład punktacji
Procent ludzi z każdym wynikiem
Percentyl według liczby udzielonych odpowiedzi
Twoja historia wyników
Nie rozwiązałeś tego quizu